000 02640cam a22005297i 4500
999 _c16647
_d16647
001 22101992
003 OSt
005 20220303151057.0
008 210625t20212021xxu b 000 0 eng d
010 _a 2021286025
015 _aGBC106795
_2bnb
016 7 _a020082686
_2Uk
020 _a9781509549061
_qhardcover
020 _a1509549064
_qhardcover
020 _a9781682194096
_qpaperback
020 _a1682194094
_qpaperback
020 _a9781509549078
_qpaperback
020 _a1509549072
_qpaperback
035 _a(OCoLC)on1225067309
040 _aYDX
_beng
_cYDX
_erda
_dBDX
_dUKMGB
_dOCLCO
_dOCLCF
_dSINLB
_dIAD
_dYDXIT
_dOTP
_dKQX
_dDLC
042 _alccopycat
050 0 0 _aRA644.C67
_bZ59 2021
060 4 _aWC505
_b.Z82p 2021
082 0 4 _a2021
_2DC 303.485
_bZ698
100 1 _aŽižek, Slavoj,
_eauthor.
_944399
245 1 0 _aPandemic! 2:
_bchronicles of a time lost/
_cSlavoj Žižek.
264 1 _a[United States] :
_bPolity,
_c©2021.
300 _a191 pages;
_c18 cm.
336 _atext
_btxt
_2rdacontent
337 _aunmediated
_bn
_2rdamedia
338 _avolume
_bnc
_2rdacarrier
500 _aIncludes appendices.
520 _a"In this ... sequel to his acclaimed Pandemic!: COVID-19 Shakes the World, Žižek delves into some of the more surprising dimensions of lockdowns, quarantines, and social distancing--and the increasingly unruly opposition to them by 'response fatigued' publics around the world. Žižek examines the ripple effects on the food supply of harvest failures caused by labor shortages and the hyper-exploitation of the global class of care workers, without whose labor daily life would be impossible. Through such examples he pinpoints the inability of contemporary capitalism to safeguard effectively the public in times of crisis."--
_cAmazon.com.
650 0 _aCOVID-19 (Disease)
_xEconomic aspects.
_944383
650 0 _aCOVID-19 (Disease)
_xSocial aspects.
_944400
650 0 _aEpidemics
_xEconomic aspects.
_944401
650 0 _aEpidemics
_xSocial aspects.
_944402
650 0 _aCapitalism.
_939282
650 7 _aCapitalism.
_2fast
_0(OCoLC)fst00846425
_939282
650 7 _aCOVID-19 (Disease)
_xEconomic aspects.
_2fast
_0(OCoLC)fst02021810
_944383
650 7 _aCOVID-19 (Disease)
_xSocial aspects.
_2fast
_0(OCoLC)fst01984649
_944400
650 7 _aEpidemics
_xEconomic aspects.
_2fast
_0(OCoLC)fst01984660
_944401
650 7 _aEpidemics
_xSocial aspects.
_2fast
_0(OCoLC)fst00914088
_944402
906 _a7
_bcbc
_ccopycat
_d2
_encip
_f20
_gy-gencatlg
942 _2ddc
_cDC